| 000 | 01750nam a2200229Ia 4500 | ||
|---|---|---|---|
| 000 | 02411naaa 00397uu | ||
| 001 | https://directory.doabooks.org/handle/20.500.12854/36293 | ||
| 005 | 20260218105617.0 | ||
| 008 | 211013s9999 xx 000 0 und d | ||
| 020 | _a9781000185157 | ||
| 024 | _ahttps://doi.org/10.4324/9781003085133 | ||
| 042 | _adc | ||
| 245 | 0 | _aCrowds : Ethnographic Encounters (Edition 1) | |
| 260 |
_bRoutledge _c2020 |
||
| 520 | _aWhat exactly is a crowd? How do crowds differ from other large gatherings of people? And how do they transform emotions, politics, or faith? In Crowds, contributors draw on their experiences and expertise to reflect on their encounters with crowds. Each chapter examines a particular crowd or conception of crowdedness to provide an analysis of how, when, where?? and with whom?? crowds form in different contexts, as well as their purpose and the practical effect the experience has on both the participants and their environment. The wide selection of case studies ranges from the crowds that form every year during the Hajj, to New Year celebrations in China, commuters on the Delhi metro, public prayer in Nigeria, online mobs in Bangladesh, and the crowds that have emerged during protest movements in Thailand and Syria. Crowds makes a key contribution to establishing an anthropological theory of crowds and will be an essential read for both students and researchers. | ||
| 540 | _aCreative Commons | ||
| 653 | _aSocial Science | ||
| 700 | 1 | _aSteffen, Megan | |
| 856 |
_uhttps://docs.google.com/spreadsheets/d/1yKIrdCPDAG_9c22mwoOIO2DOhtj65Wqa/edit?usp=sharing&ouid=106555315294820607512&rtpof=true&sd=true _yList of Curated E-Books |
||
| 942 | _cE-BOOK | ||
| 999 |
_c46046 _d46046 |
||